00549naa a22001337i 45000010005000000030009000050050017000140080041000310400029000720410008001011000145001092450083002547730078003378794KOSZ 00520180430101211.0180306s2011 pl |||f| ||||0|| 0 eng d cKOSZ 005/HRaKOSZ 005/HR0 aeng1 aSUCHOCKI, Czesław.d2004 - .bPolitechnika Koszalińska - Wydział Budownictwa i Inżynierii Środowiska,cKatedra Geodezji Gospodarczej10aConception of monitoring of cliff shores /cCzesław Suchocki, A. Wasilewski.0 iW :tReports on Geodesy. - dWarszawa : PW. -g2011, nr 1(90)x0867-3179